| 000 | 00445nam a2200157Ia 4500 | ||
|---|---|---|---|
| 005 | 20241109093704.0 | ||
| 008 | 240126s9999 xx 000 0 und d | ||
| 020 | _a9781847941831 | ||
| 082 | _a155.24 CLE;1 R | ||
| 100 | _aClear, James. | ||
| 245 | 0 | _aAtomic habits : an easy & proven way to build good habits & break bad ones | |
| 260 |
_bRandom house Business Books _aLondon _c2018 |
||
| 300 | _aix, 306 | ||
| 440 | _aNULL | ||
| 942 | _cPU | ||
| 999 |
_c293013 _d293013 |
||